|
|
|
|
| LEADER |
00824nab a2200205 i 4500 |
| 001 |
acta3956 |
| 005 |
20260511125158.0 |
| 008 |
161015s1981 hu o 000 ita d |
| 022 |
|
|
|a 0567-7246
|
| 040 |
|
|
|a SZTE Egyetemi Kiadványok Repozitórium
|b hun
|
| 041 |
|
|
|a ita
|
| 100 |
1 |
|
|a Györffy György
|
| 245 |
1 |
3 |
|a Le relazioni bizantino-ungheresi e la Dalmazia all'inizio del secolo XII
|h [elektronikus dokumentum] /
|c Györffy György
|
| 260 |
|
|
|c 1981
|
| 300 |
|
|
|a 65-75
|
| 490 |
0 |
|
|a Acta Universitatis de Attila József nominatae : acta antiqua et archaeologica
|v 23
|
| 650 |
|
4 |
|a Bölcsészettudományok
|
| 650 |
|
4 |
|a Történettudomány és régészet
|
| 695 |
|
|
|a Bizánci-magyar kapcsolatok - 12. sz., Dalmácia története - 12. sz.
|
| 856 |
4 |
0 |
|u http://acta.bibl.u-szeged.hu/3956/1/antiqua_023_065-075.pdf
|z Dokumentum-elérés
|